Szczegóły MARC21

...jak pomóc? : dziecko z zespołem Downa - pierwsze dni /

003 -Nazwa inst., której nr kontr. jest w polu 001 [,]
    • @
    • Nazwa instytucji, której n kontrolny jest w polu 001
    • NUKAT
005 -DATA I CZAS OSTATNIEJ MODYFIKACJI [,]
    • @
    • pole kontrolne
    • 20241231095558.0
040 -Instytucja sporządzająca opis [ , ]
    • a
    • Instytucja, która sporządziła opis (NP)
    • KR U/WS
    • c
    • Instytucja, która sporządziła rekord (NP)
    • KR U/WS
    • d
    • Instytucja, która zmodyfikowała rekord (P)
    • KR U/APs
942 -Rodzaj dokumentu [ , ]
    • c
    • Rodzaj dokumentu
    • Książka
245 -Strefa tytułu i oznaczenia odpowiedzialności [0,3]
    • a
    • Tytuł
    • ...jak pomóc? : Find
    • b
    • Ciąg dalszy tytułu (NP)
    • dziecko z zespołem Downa - pierwsze dni / Find
    • c
    • Pozostałe elementy strefy tytułu i oznaczenia odpowiedzialności (NP)
    • [red. Andrzej Suchcicki, współpr. Ewa Kowalewska et al.].
246 -Wariant tytułu [3,0]
    • a
    • Tytuł (NP)
    • Dziecko z zespołem Downa - pierwsze dni
260 -Strefa adresu wydawniczego [ , ]
    • a
    • Miejsce wydania (P)
    • Warszawa :
    • b
    • Nazwa wydawcy (P)
    • Stowarzyszenie Rodzin i Opiekunów Osób z Zespołem Downa Bardziej Kochani,
    • c
    • Data wydania (P)
    • 2008.
300 -Strefa opisu fizycznego [ , ]
    • a
    • Określenie formy książki i/lub objętość (NP)
    • 48 s. ;
    • c
    • Format (NP)
    • 24 cm.
336 -Typ zawartości [ , ]
    • a
    • Termin opisujący typ zawartości
    • Tekst
    • b
    • Kod określający zawartość
    • txt
    • 2
    • Źródło (terminu i kodu)
    • rdacontent
337 -Typ mediów [ , ]
    • a
    • Tryb odtwarzania
    • Bez urządzenia pośredniczącego
    • b
    • Kod typu mediów
    • n
    • 2
    • Źródło (terminu i kodu)
    • rdamedia
338 -Typ/rodzaj nośnika [ , ]
    • a
    • Hasło opisujące typ nośnika
    • Wolumin
    • b
    • Kod typu nośnika
    • nc
    • 2
    • Źródło (terminu i kodu)
    • rdacarrier
500 -Uwaga ogólna [ , ]
    • a
    • Uwaga ogólna (NP)
    • Opis wg okł.
500 -Uwaga ogólna [ , ]
    • a
    • Uwaga ogólna (NP)
    • Na s. red. zbędny ISSN.
080 -Uniwersalna Klasyfikacja Dziesiętna [ , ]
    • 2
    • Identyfikator wydania tablic
    • UDC-P058
    • a
    • Symbol klasyfikacji
    • 616.899
    • b
    • Dopowiedzenie
    • Ubytek psychiczny (amnezja). Niedorozwój umysłowy. Imbecylizm. Idiotyzm. Mongolizm. Kretynizm.
    • x
    • Poddział wspólny
    • -053.2
    • b
    • Dopowiedzenie
    • -Dzieci ogólnie.
    • x
    • Poddział wspólny
    • (083.1)
    • b
    • Dopowiedzenie
    • (Przepisy. Instrukcje. Poradniki praktyczne).
650 -Hasło przedmiotowe [ ,7]
    • a
    • Hasło przedmiotowe
    • Zespół Downa
    • x
    • Określnik rzeczowy
    • pacjenci
    • v
    • Określnik formalny
    • poradniki.
    • 2
    • Źródło terminu
    • kaba
    • 9
    • KHW
    • 722646
650 -Hasło przedmiotowe [ ,7]
    • a
    • Hasło przedmiotowe
    • Zespół Downa
    • v
    • Określnik formalny
    • poradniki.
    • 2
    • Źródło terminu
    • kaba
    • 9
    • KHW
    • 576832
980 -Symbol UKD [ , ]
    • a
    • UKD
    • 616.899-053.2(083.1)
700 -Hasło dodatkowe - nazwa osobowa [1, ]
    • a
    • Nazwa osobowa (NP)
    • Suchcicki, Andrzej. Find
    • e
    • Określenie rodzaju współpracy
    • Red.
    • 9
    • KHW
    • 722499
700 -Hasło dodatkowe - nazwa osobowa [1, ]
    • a
    • Nazwa osobowa (NP)
    • Kowalewska, Ewa Find
    • d
    • Daty biograficzne (NP)
    • (1953- ).
    • e
    • Określenie rodzaju współpracy
    • Red.
    • 9
    • KHW
    • 73635
Numer inwentarzowy Status udost. Data inwentaryzacji Lokalizacja
Pd.1973912008-12-10BG